000 01378cam a22003857a 4500
003 CHAP
005 20220329134508.0
008 971013s1994 r 00010 d
010 _a21187
011 _a22159
035 _a26252
040 _cCHAP
090 _aTesis
100 0 0 _aCruz Contreras, Andrés Cuauhtémoc.
_929335
245 1 3 _aLa estructura y comportamiento de los granos básicos en el período 1960-1990
260 _aChapingo, Méx. :
_bEl autor,
_c1994
300 _a112 h.
502 _aTesis (M.C. en Economía del Desarrollo Rural) -- UACH. Departamento de Economía Agrícola
590 _aALEPH
_b10
_c20130110
_lUCH01
_h1245
590 _aBATCH-UPD
_b10
_c20130110
_lUCH01
_h1650
590 _aBATCH-UPD
_b10
_c20130410
_lUCH01
_h1039
590 _aBATCH-UPD
_b10
_c20130914
_lUCH01
_h0408
590 _aBATCH-UPD
_b10
_c20130914
_lUCH01
_h2053
590 _aCONVERSION
_b10
_c20130109
_lUCH01
_h1313
650 1 4 _aArroz
_xAspectos económicos.
_97562
650 1 4 _aCereales
_xAspectos económicos.
_921388
650 1 4 _aCereales
_xRendimiento.
_921461
650 1 4 _aFrijol
_xAspectos económicos.
_943328
650 1 4 _aMaíz
_xAspectos económicos.
_970865
650 1 4 _aTrigo
_xAspectos económicos.
_9114967
901 _aBK
942 _cFOLL
949 _bBC
_cTES
_d-60637
_eTS1
_h27175
_i26252
_si
949 _bBC
_cTES
_d-60638
_eTS2
_fc.2
_h27176
_i26252
_si
999 _c21187
_d21187